000 00429nam a2200181Ia 4500
008 100917s9999 xx 000 0 und d
082 _b47411
100 _aHenry Garnett
245 _aThe Red Bonnet
260 _bWhite Lion
_c1974
300 _a202
365 _b0
520 _aबालविभाग
630 _aThe Red Bonnet
650 _aबालविभाग
730 _aThe Red Bonnet
942 _cBOOK
999 _c652805
_d652802